Consolaciones (Record no. 143380)

MARC details
000 -LEADER
campo de control de longitud fija 00882nam a2200229 i 4500
001 - NÚMERO DE CONTROL
campo de control 143380
003 - IDENTIFICADOR DE NÚMERO DE CONTROL
campo de control ES-MaACL
005 - FECHA Y HORA DE LA ÚLTIMA TRANSACCIÓN
campo de control 20230906200808.0
007 - CAMPO FIJO DE DESCRIPCIÓN FÍSICA--INFORMACIÓN GENERAL
campo de control de longitud fija t|
008 - DATOS DE LONGITUD FIJA--INFORMACIÓN GENERAL
campo de control de longitud fija 070214s1948 mx r ||||1| spa d
100 1# - ENTRADA PRINCIPAL--NOMBRE DE PERSONA
Nombre de persona Séneca, Lucio Anneo.
9 (RLIN) 105451
245 10 - MENCIÓN DEL TÍTULO
Título Consolaciones
Resto del título : Consolación a Marcia ; Consolación a Polibio ; Consolación a Helvia su madre /
Mención de responsabilidad, etc. Lucio Anneo Séneca ; introducción, versión española y notas, por José M. Gallegos Rocafull.
260 ## - PUBLICACIÓN, DISTRIBUCIÓN, ETC.
Lugar de publicación, distribución, etc. México :
Nombre del editor, distribuidor, etc. Universidad de México,
Fecha de publicación, distribución, etc. 1948.
300 ## - DESCRIPCIÓN FÍSICA
Extensión 307 p. ;
Dimensiones 19 cm.
500 ## - NOTA GENERAL
Nota general Precede al tít.: Obras completas de Lucio Anneo Séneca.
700 1# - ENTRADA AGREGADA--NOMBRE PERSONAL
Nombre de persona Gallegos Rocafull, José M.
9 (RLIN) 53600
710 2# - ENTRADA AGREGADA--NOMBRE DE ENTIDAD CORPORATIVA
Nombre de entidad corporativa o nombre de jurisdicción como elemento de entrada Universidad de México.
9 (RLIN) 7224
740 02 - ENTRADA AGREGADA--TÍTULO RELACIONADO/ANALÍTICO NO CONTROLADO
Título relacionado o analítico no controlado Consolación a Marcia.
740 02 - ENTRADA AGREGADA--TÍTULO RELACIONADO/ANALÍTICO NO CONTROLADO
Título relacionado o analítico no controlado Consolación a Polibio.
740 02 - ENTRADA AGREGADA--TÍTULO RELACIONADO/ANALÍTICO NO CONTROLADO
Título relacionado o analítico no controlado Consolación a Helvia su madre.
852 ## - LOCALIZACIÓN
Ubicación ES-MaACL
Número de control de estantería C-18956
Holdings
Estatus retirado Estado de pérdida Estado de daño No para préstamo Biblioteca de origen Biblioteca actual Ubicación en estantería Fecha de adquisición Fuente de adquisición Total de préstamos Signatura topográfica completa Código de barras Visto por última vez Precio de reemplazo Tipo de ítem Koha
        Biblioteca del Ateneo de Madrid Biblioteca del Ateneo de Madrid Galería 17/01/2008     C-18956 1149175 23/02/2023 23/02/2023 Libro impreso